000 00223nam a22000857a 4500
008 160702b xxu||||| |||| 00| 0 eng d
100 _91862
_aJonathan Swift
245 _aGulliver's Travels
260 _aNew Delhi
_bRatna Sagar
_c1892
999 _c1564
_d1564